Echo bledów strategicznych.

Niektoré chyby v strategických rozhodnutiach poľských centrálnych orgánov v minulosti. Formulovanie požiadavok smerujúcich k pochopeniu významu a dlhodobých dôsledkov týchto rozhodnutí. Išlo najmä o plány z r. 1971-1973, 1986-1990 a rozhodnutia z rokov 1989 a 1990.

Gespeichert in:
Bibliographische Detailangaben
1. Verfasser: Pietrzkiewicz, T.
Format: Buchkapitel
Sprache:Polnisch
Schlagworte:
Tags: Tag hinzufügen
Keine Tags, Fügen Sie das erste Tag hinzu!

MARC

LEADER 00000naa a2200000 4500
001 r007747
005 20221125122422.3
041 0 |a pol 
044 |a PL 
245 1 0 |a Echo bledów strategicznych.  |c T. Pietrzkiewicz 
520 |a Niektoré chyby v strategických rozhodnutiach poľských centrálnych orgánov v minulosti. Formulovanie požiadavok smerujúcich k pochopeniu významu a dlhodobých dôsledkov týchto rozhodnutí. Išlo najmä o plány z r. 1971-1973, 1986-1990 a rozhodnutia z rokov 1989 a 1990. 
610 2 0 |a stratégia hospodárska 
610 2 0 |a PR 
610 2 0 |a plán hospodársky 
610 2 0 |a 1971-1990 
610 2 0 |a rozhodovanie strategické 
100 1 |a Pietrzkiewicz, T.